Statistics for Random U.S. Cities that Start with A on a Map

Click here to take the quiz!

General Stats

  • This quiz has been taken 242 times
  • The average score is 6 of 10

Answers on the Map

Answers color-coded by a green-red scale on the quiz's map according to % correct below.
 

Answer Stats

City% Correct
Albuquerque
100%
Anchorage
100%
Ann Arbor
100%
Atlanta
100%
Austin
100%
Albany, NY
86%
Arlington, TX
82%
Anaheim
78%
Aurora, IL
75%
Arlington, VA
71%
Akron
70%
Atlantic City
70%
Aurora, CO
70%
Abilene
67%
Alexandria, VA
67%
Ames
67%
Augusta, GA
67%
Allentown
63%
Asheville
58%
Amarillo
56%
Alexandria, LA
50%
Augusta, ME
50%
Albany, GA
44%
Auburn
40%
Athens
38%
Altoona
29%
Appleton
27%
Antioch
25%
Arvada
20%
Alamogordo
0%

Score Distribution

Percentile by Number Answered

Percent of People with Each Score

Your Score History

You have not taken this quiz